Magic school bus, going batty. (Record no. 113066)
[ view plain ]
| 000 -LEADER | |
|---|---|
| fixed length control field | 00377nam a2200145 a 4500 |
| 005 - DATE AND TIME OF LATEST TRANSACTION | |
| control field | 20140414132001.0 |
| 008 - FIXED-LENGTH DATA ELEMENTS--GENERAL INFORMATION | |
| fixed length control field | 100906s19uu xx 00 eng d |
| 050 ## - LIBRARY OF CONGRESS CALL NUMBER | |
| Classification number | TR 598 |
| Item number | C67 1995 |
| 100 ## - MAIN ENTRY--PERSONAL NAME | |
| Personal name | Cole, Joanna |
| 245 ## - TITLE STATEMENT | |
| Title | Magic school bus, going batty. |
| 260 ## - PUBLICATION, DISTRIBUTION, ETC. (IMPRINT) | |
| Place of publication, distribution, etc | New York : |
| Name of publisher, distributor, etc | Scholastic , |
| Date of publication, distribution, etc | 1995. |
| 440 ## - SERIES STATEMENT/ADDED ENTRY--TITLE | |
| Title | The magic school bus |
| 650 ## - SUBJECT ADDED ENTRY--TOPICAL TERM | |
| Topical term or geographic name as entry element | Bats |
| Withdrawn status | Lost status | Damaged status | Use restrictions | Home library | Current library | Shelving location | Date acquired | Total Checkouts | Full call number | Barcode | Date last seen | Price effective from | Koha item type |
|---|---|---|---|---|---|---|---|---|---|---|---|---|---|
| Munich Library | Munich Library | Teachers Reference Section | 02/12/2011 | TR 598 C67 1995 | M4545 | 04/14/2014 | 04/14/2014 | Books |